[Event "Montreal Mercredi 02"]
[Site "Montreal"]
[Date "2019.03.13"]
[Round "4"]
[White "Bernardi, Felipe"]
[Black "Millette, Sylvain"]
[Result "0-1"]
[WhiteElo "1637"]
[BlackElo "1682"]
[PlyCount "40"]
[EventDate "2019.02.20"]
[EventType "swiss"]
[EventRounds "5"]
[EventCountry "CAN"]
[SourceTitle "EXT 2022"]
[Source "ChessBase"]
[SourceDate "2021.10.06"]
[SourceVersion "1"]
[SourceVersionDate "2021.10.06"]
[SourceQuality "1"]

1. d4 Nf6 2. Nf3 g6 3. g3 Bg7 4. Bg2 d5 5. c4 c6 6. cxd5 cxd5 7. Nc3 0-0 8. 0-0 Nc6 9. Bf4 Nh5 10. Be3 f5 11. Bg5 h6 12. Bd2 f4 13. Qc1 Qd6 14. Ne5 Nxd4 15. Bxd5+ e6 16. Nxg6 exd5 17. Nxf8 Bh3 18. Re1 fxg3 19. hxg3 Rxf8 20. f4 Qg6 0-1

[Event "Montreal CC-ch"]
[Site "Montreal"]
[Date "2018.06.08"]
[Round "1.8"]
[White "Bernardi, Felipe"]
[Black "Zhong, Kevin"]
[Result "0-1"]
[WhiteElo "1536"]
[BlackElo "2049"]
[PlyCount "110"]
[EventDate "2018.06.08"]
[EventType "swiss"]
[EventRounds "5"]
[EventCountry "CAN"]
[SourceTitle "EXT 2022"]
[Source "ChessBase"]
[SourceDate "2021.10.06"]
[SourceVersion "1"]
[SourceVersionDate "2021.10.06"]
[SourceQuality "1"]

1. Nf3 d5 2. d4 c5 3. c4 e6 4. Nc3 Nc6 5. cxd5 exd5 6. e3 Nf6 7. Be2 c4 8. 0-0 Bb4 9. Bd2 0-0 10. b3 Bxc3 11. Bxc3 b5 12. a3 a5 13. b4 Ne4 14. Qc2 Bf5 15. Qb2 Nxc3 16. Qxc3 axb4 17. axb4 Qe7 18. Ne5 Nxb4 19. Bf3 Be6 20. Rab1 Na2 21. Qb2 f6 22. Nc6 Qd7 23. Qxb5 Nc3 24. Qc5 Nxb1 25. Ne7+ Kf7 26. Nxd5 Rfc8 27. Nb6 Rxc5 28. Nxd7 Bxd7 29. Rxb1 Rca5 30. Bxa8 Rxa8 31. Kf1 c3 32. Ke1 Ra2 33. Rc1 Bb5 34. Rxc3 Re2+ 35. Kd1 Rxf2 36. e4 Rxg2 37. h3 Rb2 38. Re3 Rb4 39. d5 f5 40. exf5 Rd4+ 41. Ke1 Rxd5 42. Rf3 Bd7 43. Kf2 Rxf5 44. Rxf5+ Bxf5 45. Kg3 g5 46. Kh2 Kf6 47. Kg2 Ke5 48. Kg3 h5 49. Kh2 Kf4 50. Kg2 h4 51. Kh2 Kf3 52. Kg1 Bxh3 53. Kh2 g4 54. Kh1 Bg2+ 55. Kh2 h3 0-1